000 01126cgm a2200157 4500
001 3843
007 co |||||||||||
008 050901s2002 bt m eng
245 0 0 _aThe iron lady /
_cA Phyllida Lloyd film.
300 _a1 videodisc (105 min.) :
_bsd., col. ;
_c4 3/4 in.
500 _aTitle from disc label.
520 _aThe most celebrated actress of our time stars as the most powerful woman of her time. Oscar winning Meryl Steep, the most nominated performer in academy award history, delivers the definitive portrayal of Margaret Thatcher, the enigmatic, highly controversial figure who become the fist and only female Prime Minister of England. Much more than a biographical epic, The Iron Lady is also the surprisingly intimate journey of a "Common" grocer;s daughter whose social ambition and steel will- along with the love of her husband and confidant, Denis(Academy Award winner Jim Broadbent) - Propelled her to unprecedented power in a world dominated by men.
650 _aPrime ministers.
_v
_x
_y
_z
_2
650 _aThatcher, Margaret.
_v
_x
_y
_z
_2
650 _aWomen prime ministers.
_v
_x
_y
_z
_2
999 _c3144
_d3144